000 00465nam a2200193 a 4500
001 1754986320499
003 ACL
005 20250812134538.0
008 250812s2002##################000#0#eng##
020 _a9780415944038
082 0 4 _a722.12
_bWAL
100 1 _aWalker, Robin Noel,
_eauthor.
245 1 0 _aShōkō-ken :
260 _bPsychology Press,
_c2002.
300 _a346 pages
650 0 _aArchitecture.
942 _cENGLISH
040 _aACL
_beng
_cACL
999 _c581468
_d581468